Un plat = Un pays - Statistiques

Statistiques générales
  • Ce quiz a été pris 830 fois
  • Le résultat moyen est 11 sur 15
Statistiques - réponses
Plat Pays % Correct
Sushi Japon
100%
Croissant France
99%
Pizza Margherita Italie
99%
Paella Espagne
98%
Couscous Maroc
98%
Tacos Mexique
95%
Fish and Chips Royaume-Uni
89%
Poutine Canada
85%
Bratwurst Allemagne
66%
Kimchi Corée du Sud
59%
Baklava Turquie
59%
Biryani Inde
52%
Churrasco Brésil
34%
Tom Yum Thaïlande
29%
Haggis Ecosse
24%
Aucun quiz correspondant
Distribution des résultats
% des personnes avec chaque résultat
Percentile par nombre de réponses
Votre historique - résultats
Vous n’avez pas pris ce quiz